00805nam a2200253Ia 450000500170000000800400001702000180005708200190007510000300009424500670012425000180019130000240020965000300023365000280026365000300029165000380032194200120035926400420037133600270041333700330044033800280047304000350050199900150053620220317000313.0141031s2009 ck ck 0 sga d s sp spa  a978958719292604a636.0831bA18e1 aAcuña Caita, John Fabio10aEstructuras para alojamiento animal cJohn Fabio Acuña Caita a1a. edición a91 páginasc22 cm142LEMBaGanadoxAlojamiento142LEMBaEstablos lecheros142LEMBaCerdosxAlojamiento142LEMBaAves de corralxAlojamiento 2ddccBK aBogotá bUniversidad Nacionalc2009 atextobtxt2rdacontent asin mediaciónbn2rdamedia avolumenbnc2rdacarrier aCO-BoRNBPbspaerdacCO-BoRNBP c3673d3673